000
00228 a2200097 4500
001
47606
100
_a
Macmillan N
245
_a
Royal air force in the world war
260
_a
London
_b
George G harrap
_c
090
_c
30619
_d
30619
942
_a
NUST-CAE
_c
M
_c
22913
999
_c
282679
_d
282679